00825 2200193 4500001002100000005001500021035002000036245020400056100002100260250002000281300005200301856002200353700014600375260004600521082000800567084001400575020002200589650002000611INLIS00000000114813420260331091013 a0010-03260006451 aMEWARNAI WONDERFUL PRINCESS /cPenulis; Nahla Sania Ulya, Penyunting; Astria Sekar Arum, Pemeriksa Aksara; Astria Sekar Arum, Penata Aksara; Yusva, Perupa Sampul; Freepik.Com, Perancang Sampul; Yusva0 aNahla Sania Ulya aCetakan Pertama a32 halaman :bIlustrasi ;c19 x 26,5 cmeKertas aPerpustakaan Umum0 aPenyunting; Astria Sekar Arum, Pemeriksa Aksara; Astria Sekar Arum, Penata Aksara; Yusva, Perupa Sampul; Freepik.Com, Perancang Sampul; Yusva aYogyakarta :bAnak Hebat Indonesia,c2024 a397 a397 NAH m a978-623-164-447-3 4aChildrens Books